Promenáda Fajnorovo nábrežie

Gespeichert in:
Bibliographische Detailangaben
1. Verfasser: Fečkaninová, Jana, 1990- (Verfasst von)
Weitere Verfasser: Šimkovič, Vladimír, 1953- (Betreuung Doktorarbeit)
Format: Manuskript Buch
Sprache:Slowakisch
Veröffentlicht: Bratislava 2015
Schlagworte:
Online-Zugang:http://is.stuba.sk/zp/portal_zp.pl?podrobnosti=112336
Tags: Tag hinzufügen
Keine Tags, Fügen Sie das erste Tag hinzu!

MARC

LEADER 00000ntm a22000003a 4500
001 stuzp51959
003 SK-STU
005 20210305100650.6
007 ta
008 150427s2015----xo-----f-mn---000-0-slo-d
040 |a STU  |b slo 
041 0 |a slo 
100 1 |a Fečkaninová, Jana,  |d 1990-  |u 058180  |4 aut  |U FA Fakulta architektúry  |U FAD Fakulta architektúry  |T FA Ústav architektúry občianskych budov  |X 68116  |U A8180  |Y 399  |7 A000068116 
242 0 1 |a Fajnorovo waterfront promenade  |y eng 
245 1 0 |a Promenáda Fajnorovo nábrežie 
260 |c 2015  |a Bratislava 
650 4 |a výstavné budovy  |2 slo 
650 4 |a knižnica  |2 slo 
650 4 |a spoločnosť  |2 slo 
650 4 |a šport  |2 slo 
650 4 |a nábrežie Dunaja  |2 slo 
650 4 |a Danube waterfront  |2 eng 
650 4 |a exhibition centers  |2 eng 
650 4 |a library  |2 eng 
650 4 |a society  |2 eng 
650 4 |a sports  |2 eng 
700 1 |a Šimkovič, Vladimír,  |d 1953-  |4 ths  |X 394  |7 A000000394 
856 4 |u http://is.stuba.sk/zp/portal_zp.pl?podrobnosti=112336  |u https://opac.crzp.sk/?fn=detailBiblioForm&sid=A7BD2F096A49022F25CE9437FE46 
SQL |a stuzp51959  |b DDP  |c SLO  |d Promenáda Fajnorovo nábrežie  |e 68116  |f Fečkaninová, Jana  |g 058180  |h 394  |i Šimkovič, Vladimír  |j 20150604  |k 153  |l 05  |m http://is.stuba.sk/zp/portal_zp.pl?podrobnosti=112336  |n I-ARCH  |o 5.1.1. architektúra a urbanizmus